| 000 | 00498nam a2200169Ia 4500 | ||
|---|---|---|---|
| 999 |
_c37897 _d37897 |
||
| 003 | OSt | ||
| 005 | 20201231145024.0 | ||
| 008 | 190216s9999||||xx |||||||||||||| ||und|| | ||
| 040 | _coclc | ||
| 082 |
_a500 _bNAM/V |
||
| 100 |
_aNamboodirippad, V M N _98040 |
||
| 245 | 0 |
_aVeetil Oru Aquarium / _cV M N Namboodirippad |
|
| 260 |
_bKerala Sasthra Sahithya Parishad, _aTrivandrum: _c1982. |
||
| 300 | _a182p | ||
| 650 | _aMalayalam | ||
| 942 |
_cBK _2ddc _h500 _iNAM/V _k500 _mNAM/V |
||